000 00651nam a2200217 i 4500
001 bg
100 1 _aWOJTKOWIAK, Zbysław
245 1 0 _aNauki pomocnicze historii najnowszej - źródłoznastwo :
_bźródła narracyjne Cz.1,Pamiętniki, tekst literacki /
_cZbysław Wojtkowiak.
260 _aPoznań :
_bWydaw. Poznańskie,
_c2001.
300 _a190, [1] s. ;
_c24 cm.
504 _aBibliogr. przy rozdz.
650 9 _aHistoria
_xmetodologia
650 9 _aŹródłoznawstwo
020 _a8371771800
040 _cBPK
041 0 _apl
080 _a930
920 _a83-7177-180-0
942 _cKS
008 s pl f |000 0 pol
999 _c40402
_d40402
856 _uhttp://koha.tu.koszalin.pl/cgi-bin/koha/opac-detail.pl?biblionumber=40402
_yKatalog online BPK